Statistics for Victory Lap (Nipsey Hussle Album)

Click here to take the quiz!

General Stats

  • This quiz has been taken 12 times
  • The average score is 9 of 16

Answer Stats

No.Song% Correct
1Victory Lap (ft. Stacy Barthe)
100%
3Last Time That I Checc'd (ft. YG)
75%
5Dedication (ft. Kendrick Lamar)
75%
11Grinding All My Life
75%
2Rap Niggas
50%
4Young Niggas (ft. Puff Daddy)
50%
6Blue Laces 2
50%
7Hussle & Motivate
50%
8Status Symbol 3 (ft. Buddy)
50%
9Succa Proof
50%
10Keyz 2 The City 2 (ft. TeeFlii)
50%
12Million While You Young (ft. The Dream)
50%
13Loaded Bases (ft. CeeLo Green)
50%
14Real Big (ft. Marsha Ambrosius)
50%
15Double Up (ft. Belly, Dom Kennedy)
50%
16Right Hand To God
25%

Score Distribution

Percentile by Number Answered

Percent of People with Each Score

Your Score History

You have not taken this quiz